000 00299nam a22001337a 4500
008 171018b xxu||||| |||| 00| 0 eng d
020 _a060110910
041 _aeng
080 _a338
100 _a53
101 _aMEN
245 _aTECHNOLOGY, MANAGEMENT & SOCIETY
_cDRUCKER,P,F
942 _2udc
_cBK
999 _c34797
_d34797